Quizz Culture générale autour des mots "CASSE" & "CASE" - Statistiques

Statistiques générales
  • Ce quiz a été pris 29 fois
  • Le résultat moyen est 10 sur 30
Statistiques - réponses
Question Réponse % Correct
On peut se rendre dans une casse pour acheter des pièces automobile
100%
Le plateau d'un échiquier comporte... cases 64
75%
En italien, case est le pluriel de casa
75%
Quel légume peut être cassé ? le pois
75%
Qui a chanté "Cassé" ? Nolwenn Leroy
75%
Elle chante "Mademoiselle chante le blues" Patricia Kaas
75%
Que n'est pas un attaché-case ? une trousse de toilette
75%
Un casanier Aime rester chez lui
50%
Case-Pilote est une commune de la Martinique
50%
Quel métier utilise un casier appelé casse ? le typographe
50%
La casse, extrait de la pulpe des gousses de cassier est un laxatif
50%
Quel mot n'est pas synonyme de "case" ? gentilhommière
25%
Quel réalisateur filme Le Casse en 1971 Henri Verneuil
25%
Qu'est la casse pour un vin ? l'altération de sa transparence, il devient trouble
25%
Un top case est utilisé par les motards
25%
En criminologie qu'est précisément un "casse" ? une attaque à main armée
25%
En Suisse, on appelle "case postale" une boite postale
25%
Un case-museau était autrefois... un gâteau sec
25%
Que n'est pas un casse-tête ? un javelot
25%
Le tourne-case est un jeu de société
25%
Case IH est une entreprise de construction agricole
0%
Surcase est un terme du jeu de trictrac
0%
D'où provient l'épice appelée "casse" du cannelier de Chine
0%
Dans quel domaine ne parle-t-on pas de case ? en danse
0%
Quel est la spécialité de ce sportif belge, Matthias Casse ? judo
0%
Qu'est la culture de case ? la culture autoconsommée
0%
Quel métier utilise une casse ? le verrier
0%
Au Québec un case est un étui de guitare
0%
Que n'est pas une casse en cuisine ? Un mortier
0%
En anglais "cass" est un prénom
0%
Aucun quiz correspondant
Distribution des résultats
% des personnes avec chaque résultat
Percentile par nombre de réponses
Votre historique - résultats
Vous n’avez pas pris ce quiz